| 000 | 00000nam##2200000za#4500 |
| 001 | 9.612063 |
| 003 | CaOODSP |
| 005 | 20200330205811 |
| 007 | ta |
| 008 | 150406|1996||||xxc||||| f|0| 0 eng|d |
| 020 | |a0-662-23359-X |
| 040 | |aCaOODSP|beng |
| 043 | |an-cn--- |
| 086 | 1 |aEn153-6/50-1996E |
| 110 | 1 |aCanada. |bEnvironment Canada. |bEnvironmental Protection Service. |
| 245 | 10|aLes Services T.M.G. Inc., Mine Niobec |
| 260 | |aMontreal - Quebec : |bEnvironment Canada. |c1996. |
| 300 | |a4p. : |bgraph, table ; |c28 cm. |
| 490 | 1 |aIndustrial plants highlights |v50 |
| 563 | |aPamphlet |
| 590 | |a96-48|b1996-11-29 |
| 776 | 0#|tLes Services T.M.G. Inc., Mine Niobec |w(CaOODSP)9.817104 |
| 830 | #0|aIndustrial plants : highlights ;|v50|w(CaOODSP)9.514553 |